| 000 | 01660nam a2200469 i 4500 | ||
|---|---|---|---|
| 001 | 30864 | ||
| 003 | KOSZ 005 | ||
| 005 | 20200907105719.0 | ||
| 008 | 970510s1992 pl a f |000 0 pol | ||
| 015 | _aPB 1993/125 | ||
| 020 | _a8390051028 | ||
| 040 |
_aWA N _cWA N _dKOSZ 005/HR |
||
| 041 | 0 |
_apol _beng |
|
| 046 | _k1992 | ||
| 080 | _a621.38 | ||
| 080 | _a004.8 | ||
| 080 | _a004.31 | ||
| 100 | 1 |
_aBudzisz, Henryk _eAutor |
|
| 245 | 1 | 0 |
_aMetody reprezentacji i przetwarzania wiedzy o układach elektronicznych / _cHenryk Budzisz. |
| 260 |
_aKoszalin : _bWydaw. Uczelniane WSI, _c1992. |
||
| 300 |
_a197 s. : _brys. ; _c24 cm. |
||
| 336 |
_2rdacontent _aTekst _btxt |
||
| 337 |
_2rdamedia _aBez urządzenia pośredniczącego _bn |
||
| 338 |
_2rdacarrier _aWolumin _bnc |
||
| 380 | _aKsiążki | ||
| 380 | _aPublikacje naukowe | ||
| 388 | _a1901-2000 | ||
| 388 | _a1989-2000 | ||
| 490 | 1 |
_aMonografie / [Wyższa Szkoła Inżynierska w Koszalinie], _x0239-7129 ; _v43. |
|
| 500 | _aNa s. red. nazwa serii : Monografia Instytutu Elektroniki. | ||
| 504 | _aBibliogr. s. 150-162. | ||
| 546 | _aStreszcz. ang. | ||
| 650 | 4 | _aSztuczna inteligencja | |
| 650 | 4 | _aUkład elektroniczny | |
| 650 | 4 | _aProjektowanie | |
| 658 | _aInżynieria i technika | ||
| 658 | _aInformatyka i technologie informacyjne | ||
| 710 | 2 |
_aWydawnictwo Uczelniane (Wyższa Szkoła Inżynierska ; Koszalin) _4pbl. |
|
| 830 | 0 |
_aMonografie - Wyższa Szkoła Inżynierska, Koszalin _v43 |
|
| 856 |
_uhttp://koha.tu.koszalin.pl/cgi-bin/koha/opac-detail.pl?biblionumber=30864 _yKatalog online BPK |
||
| 942 |
_2UKD _cKS |
||
| 999 |
_c30864 _d30864 |
||